<?xml version="1.0" encoding="UTF-8"?>
<record
    xmlns:xsi="http://www.w3.org/2001/XMLSchema-instance"
    xsi:schemaLocation="http://www.loc.gov/MARC21/slim http://www.loc.gov/standards/marcxml/schema/MARC21slim.xsd"
    xmlns="http://www.loc.gov/MARC21/slim">

  <leader>02000nam a2200289 i 4500</leader>
  <controlfield tag="003">DO-SdBNP</controlfield>
  <controlfield tag="005">20230914113528.0</controlfield>
  <controlfield tag="007">ta</controlfield>
  <controlfield tag="008">150114s2022    dr ao         000 0 spa d</controlfield>
  <datafield tag="040" ind1=" " ind2=" ">
    <subfield code="a">DO-SdBNP</subfield>
    <subfield code="b">spa</subfield>
    <subfield code="c">BNPHU</subfield>
    <subfield code="e">rda</subfield>
  </datafield>
  <datafield tag="082" ind1=" " ind2=" ">
    <subfield code="2">22</subfield>
    <subfield code="b">G943</subfield>
  </datafield>
  <datafield tag="110" ind1="1" ind2=" ">
    <subfield code="a">Federaci&#xF3;n Dominicana de Municipios (FEDOMU)</subfield>
    <subfield code="9">84131</subfield>
  </datafield>
  <datafield tag="245" ind1="1" ind2="0">
    <subfield code="a">Gu&#xED;a est&#xE1;ndares de calidad en obras de presupuesto participativo municipal y componente del sistema de control y transparencia /</subfield>
    <subfield code="c">elaboraci&#xF3;n Rocely Marlenis Mej&#xED;a, Carmen Compr&#xE9;s ; revisi&#xF3;n Genrry E. Gonz&#xE1;lez Molina, Juan Luis Pimentel ; presentaci&#xF3;n Kelvin Cruz</subfield>
  </datafield>
  <datafield tag="264" ind1=" " ind2=" ">
    <subfield code="a">Santo Domingo :</subfield>
    <subfield code="b">FEDOMU,</subfield>
    <subfield code="c">2022.</subfield>
  </datafield>
  <datafield tag="300" ind1=" " ind2=" ">
    <subfield code="a">70 p&#xE1;ginas</subfield>
    <subfield code="b">ilustraciones, fotograf&#xED;as </subfield>
    <subfield code="c">28 cm.</subfield>
  </datafield>
  <datafield tag="336" ind1=" " ind2=" ">
    <subfield code="2">rdacontent</subfield>
    <subfield code="a">texto</subfield>
    <subfield code="b">txt</subfield>
  </datafield>
  <datafield tag="337" ind1=" " ind2=" ">
    <subfield code="2">rdamedia</subfield>
    <subfield code="a">sin mediaci&#xF3;n </subfield>
    <subfield code="b">n</subfield>
  </datafield>
  <datafield tag="338" ind1=" " ind2=" ">
    <subfield code="2">rdacarrier</subfield>
    <subfield code="a">volumen</subfield>
    <subfield code="b">nc</subfield>
  </datafield>
  <datafield tag="505" ind1=" " ind2=" ">
    <subfield code="t">Presentaci&#xF3;n --</subfield>
    <subfield code="t">Introducci&#xF3;n --</subfield>
    <subfield code="t">Las obras municipales, criterios fundamentales para su veedur&#xED;a social --</subfield>
    <subfield code="t">&#xBF;Cu&#xE1;les son las obras que m&#xE1;s se priorizan en el presupuesto participativo? --</subfield>
    <subfield code="t">Est&#xE1;ndares de calidad en la construcci&#xF3;n --</subfield>
    <subfield code="t">Herramientas utilizadas en la construcci&#xF3;n --</subfield>
    <subfield code="t">Materiales m&#xE1;s usados --</subfield>
    <subfield code="t">Materiales m&#xE1;s usados descripci&#xF3;n --</subfield>
    <subfield code="t">Los suelos y las cimentaciones --</subfield>
    <subfield code="t">1. Gesti&#xF3;n y planificaci&#xF3;n de la obra --</subfield>
    <subfield code="t">2. Procedimientos y m&#xE9;todos de los trabajos de obras --</subfield>
    <subfield code="t">Zapatas de muros y de columnas --</subfield>
    <subfield code="t">Vigas de cargas, de amarres, dinteles y losas de techos --</subfield>
    <subfield code="t">Pa&#xF1;ete --</subfield>
    <subfield code="t">Instalaciones --</subfield>
    <subfield code="t">Instalaciones --</subfield>
    <subfield code="t">Colocaci&#xF3;n de pisos --</subfield>
    <subfield code="t">Puertas y ventanas --</subfield>
    <subfield code="t">Aceras y contenes --</subfield>
    <subfield code="t">Proyectos el&#xE9;ctricos --</subfield>
    <subfield code="t">Componente del sistema de control y transparencia en el presupuesto participativo municipal /</subfield>
  </datafield>
  <datafield tag="590" ind1=" " ind2=" ">
    <subfield code="a">Inventariado, 2023/ YL</subfield>
  </datafield>
  <datafield tag="700" ind1="1" ind2=" ">
    <subfield code="a">Gonz&#xE1;lez Molina, Genrry E.</subfield>
    <subfield code="e">revisi&#xF3;n</subfield>
    <subfield code="9">83859</subfield>
  </datafield>
  <datafield tag="700" ind1="1" ind2=" ">
    <subfield code="a">Pimentel, Juan Luis</subfield>
    <subfield code="e">revisi&#xF3;n</subfield>
    <subfield code="9">84132</subfield>
  </datafield>
  <datafield tag="700" ind1="1" ind2=" ">
    <subfield code="a">Mej&#xED;a, Rocely Marlenis</subfield>
    <subfield code="e">colaboradora</subfield>
    <subfield code="9">84133</subfield>
  </datafield>
  <datafield tag="700" ind1="1" ind2=" ">
    <subfield code="a">Compr&#xE9;s, Carmen</subfield>
    <subfield code="e">colaboradora</subfield>
    <subfield code="9">84134</subfield>
  </datafield>
  <datafield tag="910" ind1=" " ind2=" ">
    <subfield code="a">YLockward</subfield>
  </datafield>
  <datafield tag="942" ind1=" " ind2=" ">
    <subfield code="2">ddc</subfield>
    <subfield code="c">LBS1</subfield>
  </datafield>
  <datafield tag="952" ind1=" " ind2=" ">
    <subfield code="0">0</subfield>
    <subfield code="1">0</subfield>
    <subfield code="2">ddc</subfield>
    <subfield code="5">1</subfield>
    <subfield code="7">0</subfield>
    <subfield code="8">PD</subfield>
    <subfield code="a">BNPHU</subfield>
    <subfield code="b">BNPHU</subfield>
    <subfield code="c">CT</subfield>
    <subfield code="d">2023-01-23</subfield>
    <subfield code="e">Editora B&#xFA;ho</subfield>
    <subfield code="l">0</subfield>
    <subfield code="o">BNPHU PD G943</subfield>
    <subfield code="p">2023-5887</subfield>
    <subfield code="r">2023-09-14</subfield>
    <subfield code="w">2023-09-14</subfield>
    <subfield code="y">LBS1</subfield>
  </datafield>
  <datafield tag="952" ind1=" " ind2=" ">
    <subfield code="0">0</subfield>
    <subfield code="1">0</subfield>
    <subfield code="2">ddc</subfield>
    <subfield code="5">1</subfield>
    <subfield code="7">0</subfield>
    <subfield code="8">PD</subfield>
    <subfield code="a">BNPHU</subfield>
    <subfield code="b">BNPHU</subfield>
    <subfield code="c">CT</subfield>
    <subfield code="d">2023-01-23</subfield>
    <subfield code="e">Editora B&#xFA;ho</subfield>
    <subfield code="l">0</subfield>
    <subfield code="o">BNPHU PD G943</subfield>
    <subfield code="p">2023-5889</subfield>
    <subfield code="r">2023-09-14</subfield>
    <subfield code="t">e. 2</subfield>
    <subfield code="w">2023-09-14</subfield>
    <subfield code="y">LBS1</subfield>
  </datafield>
  <datafield tag="952" ind1=" " ind2=" ">
    <subfield code="0">0</subfield>
    <subfield code="1">0</subfield>
    <subfield code="2">ddc</subfield>
    <subfield code="5">6</subfield>
    <subfield code="7">0</subfield>
    <subfield code="8">DS</subfield>
    <subfield code="a">BNPHU</subfield>
    <subfield code="b">BNPHU</subfield>
    <subfield code="c">CT</subfield>
    <subfield code="d">2023-01-23</subfield>
    <subfield code="e">Editora B&#xFA;ho</subfield>
    <subfield code="l">0</subfield>
    <subfield code="o">BNPHU DS G943</subfield>
    <subfield code="p">2023-5891</subfield>
    <subfield code="r">2023-09-14</subfield>
    <subfield code="t">e. 3</subfield>
    <subfield code="w">2023-09-14</subfield>
    <subfield code="y">LBS1</subfield>
  </datafield>
  <datafield tag="999" ind1=" " ind2=" ">
    <subfield code="c">54749</subfield>
    <subfield code="d">54749</subfield>
  </datafield>
</record>
